<?xml version="1.0" encoding="UTF-8"?>
<record
    xmlns:xsi="http://www.w3.org/2001/XMLSchema-instance"
    xsi:schemaLocation="http://www.loc.gov/MARC21/slim http://www.loc.gov/standards/marcxml/schema/MARC21slim.xsd"
    xmlns="http://www.loc.gov/MARC21/slim">

  <leader>01167nam0a22003131  4500</leader>
  <controlfield tag="001">v19\rc\1578696</controlfield>
  <controlfield tag="005">20250618210946.0</controlfield>
  <datafield tag="035" ind1=" " ind2=" ">
    <subfield code="a">(NLR Aleph) 004706080</subfield>
  </datafield>
  <datafield tag="090" ind1=" " ind2=" ">
    <subfield code="a">4134797</subfield>
    <subfield code="c">4134797</subfield>
  </datafield>
  <datafield tag="100" ind1=" " ind2=" ">
    <subfield code="a">20061002d1893    |||y0rusy50      ca</subfield>
  </datafield>
  <datafield tag="101" ind1="1" ind2=" ">
    <subfield code="a">rus</subfield>
    <subfield code="c">ita</subfield>
  </datafield>
  <datafield tag="102" ind1=" " ind2=" ">
    <subfield code="a">RU</subfield>
  </datafield>
  <datafield tag="105" ind1=" " ind2=" ">
    <subfield code="a">y   z   |||||</subfield>
  </datafield>
  <datafield tag="200" ind1="1" ind2=" ">
    <subfield code="a">&#x41F;&#x443;&#x440;&#x438;&#x442;&#x430;&#x43D;&#x435;</subfield>
    <subfield code="e">&#x41E;&#x43F;&#x435;&#x440;&#x430; &#x432; 3 &#x434;.</subfield>
    <subfield code="f">[&#x421;&#x43E;&#x447;.] &#x413;&#x440;. &#x41A;&#x430;&#x440;&#x43B;&#x43E; &#x41F;&#x435;&#x43F;&#x43E;&#x43B;&#x438;</subfield>
    <subfield code="g">&#x41C;&#x443;&#x437;. &#x412;&#x438;&#x43D;&#x447;&#x435;&#x43D;&#x446;&#x43E; &#x411;&#x435;&#x43B;&#x43B;&#x438;&#x43D;&#x438;</subfield>
  </datafield>
  <datafield tag="210" ind1=" " ind2=" ">
    <subfield code="a">&#x41C;&#x43E;&#x441;&#x43A;&#x432;&#x430;</subfield>
    <subfield code="c">&#x41F;. &#x42E;&#x440;&#x433;&#x435;&#x43D;&#x441;&#x43E;&#x43D;</subfield>
    <subfield code="d">1893</subfield>
  </datafield>
  <datafield tag="215" ind1=" " ind2=" ">
    <subfield code="a">62 &#x441;.</subfield>
    <subfield code="d">17</subfield>
  </datafield>
  <datafield tag="300" ind1=" " ind2=" ">
    <subfield code="a">&#x417;&#x430;&#x433;&#x43B;. &#x43E;&#x440;&#x438;&#x433;.: I puritani e i cavalieri"</subfield>
  </datafield>
  <datafield tag="300" ind1=" " ind2=" ">
    <subfield code="a">&#x41F;&#x435;&#x440;. &#x442;&#x430;&#x43A;&#x436;&#x435; &#x43F;&#x43E;&#x434; &#x437;&#x430;&#x433;&#x43B;.: &#x41F;&#x443;&#x440;&#x438;&#x442;&#x430;&#x43D;&#x435; &#x438; &#x43A;&#x430;&#x432;&#x430;&#x43B;&#x435;&#x440;&#x44B;</subfield>
  </datafield>
  <datafield tag="451" ind1=" " ind2="0">
    <subfield code="1">2001#$a&#x41F;&#x443;&#x440;&#x438;&#x442;&#x430;&#x43D;&#x435; &#x438; &#x43A;&#x430;&#x432;&#x430;&#x43B;&#x435;&#x440;&#x44B;</subfield>
    <subfield code="t">&#x41F;&#x443;&#x440;&#x438;&#x442;&#x430;&#x43D;&#x435; &#x438; &#x43A;&#x430;&#x432;&#x430;&#x43B;&#x435;&#x440;&#x44B;</subfield>
  </datafield>
  <datafield tag="454" ind1=" " ind2="0">
    <subfield code="1">2001#$aI puritani e i cavalieri</subfield>
    <subfield code="t">I puritani e i cavalieri</subfield>
  </datafield>
  <datafield tag="700" ind1=" " ind2="1">
    <subfield code="a">&#x41F;&#x435;&#x43F;&#x43E;&#x43B;&#x438;</subfield>
    <subfield code="b">&#x41A;.</subfield>
    <subfield code="f">1796-1881</subfield>
    <subfield code="g">&#x41A;&#x430;&#x440;&#x43B;&#x43E;</subfield>
  </datafield>
  <datafield tag="702" ind1=" " ind2="1">
    <subfield code="a">&#x411;&#x435;&#x43B;&#x43B;&#x438;&#x43D;&#x438;</subfield>
    <subfield code="b">&#x412;.</subfield>
    <subfield code="f">1801-1835</subfield>
    <subfield code="g">&#x412;&#x438;&#x43D;&#x447;&#x435;&#x43D;&#x446;&#x43E;</subfield>
    <subfield code="4">230</subfield>
  </datafield>
  <datafield tag="801" ind1=" " ind2="0">
    <subfield code="a">RU</subfield>
    <subfield code="b">NLR</subfield>
    <subfield code="g">psbo</subfield>
  </datafield>
  <datafield tag="801" ind1=" " ind2="0">
    <subfield code="a">RU</subfield>
    <subfield code="b">RuMoRGB</subfield>
    <subfield code="2">psbo</subfield>
  </datafield>
  <datafield tag="801" ind1=" " ind2="1">
    <subfield code="a">RU</subfield>
    <subfield code="b">ProSoft-M</subfield>
    <subfield code="2">rusmarc</subfield>
  </datafield>
  <datafield tag="852" ind1=" " ind2=" ">
    <subfield code="a">NLR</subfield>
    <subfield code="j">18.287.3.10</subfield>
  </datafield>
  <datafield tag="899" ind1=" " ind2=" ">
    <subfield code="a">RuMoRGB</subfield>
    <subfield code="j">A 206/2011</subfield>
  </datafield>
  <datafield tag="942" ind1=" " ind2=" ">
    <subfield code="c">BOOK</subfield>
  </datafield>
  <datafield tag="980" ind1=" " ind2=" ">
    <subfield code="a">NB</subfield>
  </datafield>
  <datafield tag="995" ind1=" " ind2=" ">
    <subfield code="5">2013-10-26</subfield>
    <subfield code="b">NLR02</subfield>
    <subfield code="c">NLR02</subfield>
    <subfield code="e">RFS</subfield>
    <subfield code="f">4706080-10</subfield>
    <subfield code="k">18.287.3.10</subfield>
    <subfield code="o">0</subfield>
    <subfield code="r">BOOK</subfield>
    <subfield code="s">18287310_</subfield>
  </datafield>
</record>
